Unveiled at last : (Record no. 816)
[ view plain ]
| 000 -LEADER | |
|---|---|
| fixed length control field | 01097cam a2200265Ia 4500 |
| 001 - CONTROL NUMBER | |
| control field | 30211058 |
| 003 - CONTROL NUMBER IDENTIFIER | |
| control field | OCoLC |
| 005 - DATE AND TIME OF LATEST TRANSACTION | |
| control field | 20180824181445.0 |
| 008 - FIXED-LENGTH DATA ELEMENTS--GENERAL INFORMATION | |
| fixed length control field | 940418s1992 waua 000 0 eng d |
| 020 ## - INTERNATIONAL STANDARD BOOK NUMBER | |
| International Standard Book Number | 0927545373 |
| 020 ## - INTERNATIONAL STANDARD BOOK NUMBER | |
| International Standard Book Number | 9780927545372 |
| 035 ## - SYSTEM CONTROL NUMBER | |
| System control number | (OCoLC)30211058 |
| 040 ## - CATALOGING SOURCE | |
| Original cataloging agency | KKJ |
| Transcribing agency | KKJ |
| Modifying agency | GGB |
| -- | OCLCQ |
| -- | BAKER |
| -- | HNW |
| -- | BSC |
| 082 ## - DEWEY DECIMAL CLASSIFICATION NUMBER | |
| Classification number | 266 |
| Item number | s625u |
| 092 ## - LOCALLY ASSIGNED DEWEY CALL NUMBER (OCLC) | |
| Classification number | 266 |
| Item number | S625u, 1992 |
| 100 1# - MAIN ENTRY--PERSONAL NAME | |
| Personal name | Sjogren, Bob. |
| 245 10 - TITLE STATEMENT | |
| Title | Unveiled at last : |
| Remainder of title | [discover God's hidden message from Genesis to Revelation] / |
| Statement of responsibility, etc. | Bob Sjogren. |
| 260 ## - PUBLICATION, DISTRIBUTION, ETC. | |
| Place of publication, distribution, etc. | Seattle, WA : |
| Name of publisher, distributor, etc. | YWAM Pub., |
| Date of publication, distribution, etc. | c1992. |
| 300 ## - PHYSICAL DESCRIPTION | |
| Extent | 184 p. : |
| Other physical details | ill. ; |
| Dimensions | 21 cm. |
| 500 ## - GENERAL NOTE | |
| General note | "Foreword by Dr. Bill Bright." |
| 505 0# - FORMATTED CONTENTS NOTE | |
| Formatted contents note | Placing God where he belongs -- God's hidden agenda -- Exploring the agenda -- Impaired by the top line -- Going below the surface -- God's mercy through blindness -- Obey and see -- The covenant kickoff -- The second half -- A checkup for the church -- An attainable goal -- Islam : a neglected challenge -- Frontiers : a challenge to respond. |
| 650 #0 - SUBJECT ADDED ENTRY--TOPICAL TERM | |
| Topical term or geographic name entry element | Christian life. |
| 650 #0 - SUBJECT ADDED ENTRY--TOPICAL TERM | |
| Topical term or geographic name entry element | Missions. |
| 942 ## - ADDED ENTRY ELEMENTS (KOHA) | |
| Source of classification or shelving scheme | Dewey Decimal Classification |
| Koha item type | Books |
| Withdrawn status | Lost status | Source of classification or shelving scheme | Damaged status | Not for loan | Collection code | Home library | Current library | Shelving location | Date acquired | Cost, normal purchase price | Total Checkouts | Full call number | Barcode | Date last seen | Price effective from | Koha item type |
|---|---|---|---|---|---|---|---|---|---|---|---|---|---|---|---|---|
| Dewey Decimal Classification | Non-fiction | Harvest Mission College | Harvest Mission College | General Stacks | 24.08.2018 | 850.00 | 266 S625U | 003655 | 24.08.2018 | 24.08.2018 | Books | |||||
| Dewey Decimal Classification | Non-fiction | Harvest Mission College | Harvest Mission College | General Stacks | 24.08.2018 | 850.00 | 266 S625U | 003656 | 25.03.2019 | 24.08.2018 | Books | |||||
| Dewey Decimal Classification | Non-fiction | Harvest Mission College | Harvest Mission College | General Stacks | 24.08.2018 | 850.00 | 266 S625U | 011870 | 22.02.2021 | 24.08.2018 | Books |
